000
00202nam a22000857a 4500
008
170130b xxu||||| |||| 00| 0 eng d
100
_9
2636
_a
Bakshi.S
245
_a
Mathematics
260
_a
New Delhi
_b
APC
_c
2011
999
_c
5780
_d
5780